000
00215 a2200097 4500
001
10861
100
_a
Fisch, M.
245
_a
Classic American Pailosophers
260
_a
_b
Appleton Century
_c
090
_c
8438
_d
8438
942
_a
NUST-CAE
_c
M
_c
35198
999
_c
245934
_d
245934